1548 1679 1586 1994 1467 1098 1212 1770 1028 1900 1944 1244 1003 1823 1251 1727 1253 1121 1363 1453 1312 1668 1149 1126 1056 1270 1049 1337 1661 1266 1660 1711 1399 1752 1947 1593 1757 1784 1699 1084 1935 1756 1870 1038 1253 1443 1298 1827 1987 1460 1784 1192 1314 1446 1886 1768 1886 1805 1617 1285 1147 1784 1883 1142 1189 1802 1655 1514 1971 1983 1491 1675 1274 1130 1323 1761 1144 1917 1155 1896 1661 1318 1692 1285 1793 1518 1018 1659 1673 1183 1206 1466 1489 1377 1441 1989 1971 1418 1139 BCNSPRNW ULIB Ver.6.0+V

เปลี่ยนเป็นภาษาไทย

Change to English
 แสดงรายละเอียดบรรณานุกรม
  กลับหน้าหลัก

Brief Record : Get Marc (ISO 2709) : E-mail record : QR code < ปิดหน้าต่าง
LEADER : 00000nam 2200000uu 4500
001    13399113570
003     ULIB
008    111129s2550||||th 000 0 tha d
020    ^a9746457047(ล.3)
060  4 ^aWA31^bส747ส ล.3 2550
110 1  ^aมหาวิทยาลัยสุโขทัยธรรมาธิราช^bสาขาวิชาวิทยาศาสตร์สุขภาพ
245 00 ^aเอกสารการสอนชุดวิชา สังคมวิทยาและมานุษญวิทยาการแพทย์ หน่วยที่11-15=^bMedical sociology and anthropology /^cมหาวิทยาลัยสุโขทัยธรรมาธิราช
246 0  ^aMedical sociology and anthropology
250    ^aพิมพ์ครั้งที่ 2
260    ^aนนทบุรี:^bศูนย์หนังสือมหาวิทยาลัยสุโขทัยธรรมาธิราช,^c2550
300    ^a195 หน้า
650  7 ^aสังคมวิทยาการแพทย์
650  7 ^aมานุษยวิทยาการแพทย์
945    ^p0^l0^i14647
945    ^p0^l0^i14648
995    ^aกัณชพร
999    ^aใช้งานได้ทุกระบบ
รายการนี้ยังไม่มีแท็ก
คุณยังไม่ได้ล็อกอิน คุณสามารถมีกิจกรรมร่วมกับเว็บไซต์ได้ แต่ต้องล็อกอินก่อน ::
  ล็อกอิน

รายการสื่อสารสนเทศ

ลำดับที่ ประเภท เลขเรียก/บาร์โค้ด สถานที่ สถานะ
- ไม่พบข้อมูล -

รายการใกล้เคียง
    หัวเรื่อง [สังคมวิทยาการแพทย์]
    หัวเรื่อง [มานุษยวิทยาการแพทย์]

BibComment


ยังไม่เคยถูกคอมเมนท์

คอมเมนท์ทรัพยากรรายการนี้
  คอมเมนท์: เอกสารการสอนชุดว..


 Copyright 2026. Bcnsprnw @Library